00538nam a2200145Ia 4500008004100000020002200041041001200063100001700075245004000092260003200132650002100164942000700185999001900192952018100211231221s9999 xx 000 0 und d a978-0-387-23120-4 aEnglish aTom J. Weert 0aEducation and the Knowledge Society c2005bSpringer USaNew York aComputer Science cEB c217979d217979 r2024-01-26 00:00:00l0pEB46uhttp://link.springer.com/openurl?genre=book&isbn=978-1-4020-7755-5w2024-01-26yEB1040708CL00aMLbMLcCLd0000-00-00ECSK13507GRSF1V0W0